00864nam a2200217 i 450000100060000000300090000600500170001500700030003200800410003510000390007624500870011526000430020230000400024550000740028565000430035965100330040271000460043585200220048199900170050395201260052069936ES-MaACL20230906170652.0t|040713s1961 sp af |||| | spa d1 aGarcía Manrique, Eusebio.95488110aEibar b: inmigración y desarrollo urbano e industrial / cE. García Manrique. aZaragoza : bInstituto Elcano, c1961. a208 p., 8 lám. : bil. ; c17 cm. aPrecede al tít.: Consejo Superior de Investigaciones Científicas. 4aDesarrollo industrial-zEibar.9169498 4aEibar-xPoblación.91694992 aInstituto "Juan Sebastián Elcano"95113 aES-MaACLjC-21065 c69936d69936 00104070aATENEOMbATENEOMcGaleríad2008-01-17eSCl0oC-21065p1073236r2023-02-23 00:00:00w2023-02-23yMONOGRAFIA